000 01014nam a2200313 i 4500
001 13083
003 KOSZ 005
005 20170908134858.0
008 080129s1966 pl a f 000 0 pol
015 _aPB 1966/10024
040 _aWA N
_cWA N
_dKOSZ 005/ID
_dKOSZ 005/HR
046 _k1966
080 _a629.576
080 _a629.73
100 1 _aMoldenhawer, Andrzej.
_eAutor
245 1 0 _aPoduszkowce /
_cAndrzej Moldenhawer.
260 _aWarszawa :
_bWydawnictwa Komunikacji i Łączności,
_c1966.
300 _a260, [3] s., [3] k. tabl. :
_bil. ;
_c23 cm.
380 _aKsiążki.
388 _a1901-2000
504 _aBibliogr. s.[262].
521 8 _aDla inżynierów i techników.
650 4 _aPoduszkowce
650 4 _aStatki powietrzne
658 _aInżynieria i technika
710 2 _aWydawnictwa Komunikacji i Łączności.
_4pbl.
856 _uhttp://koha.tu.koszalin.pl/cgi-bin/koha/opac-detail.pl?biblionumber=13083
_yKatalog online BPK
942 _2UKD
_cKS
999 _c13083
_d13083